Magyar statisztikai zsebkönyv '99

Na minha lista:
Detalhes bibliográficos
Formato: Livro
Idioma:húngaro
Publicado em: Budapest Központi Statisztikai Hivatal 2000
Assuntos:
Tags: Adicionar Tag
Sem tags, seja o primeiro a adicionar uma tag!

MARC

LEADER 00000nam a2200000 4500
001 c119816
005 20221221082907.1
022 |a 0133-5847 
041 0 |a hun 
044 |a HU 
245 1 0 |a Magyar statisztikai zsebkönyv '99 
264 1 |a Budapest  |b Központi Statisztikai Hivatal  |c 2000 
300 |a 339 s. 
610 2 0 |a štatistika 
610 2 0 |a Maďarsko 
610 2 0 |a 1999